Nasce a terra (Registo nº 6022)

Detalhes MARC
000 -Etiqueta do registo
Valores 00682nam a2200229 4500
010 ## - Número ISBN
ISBN 9727472206
021 ## - Número do Depósito Legal
Número 90690/95
100 ## - Dados gerais de processamento
Dados gerais 20250929d1995 mdcy0pory5003 ba
200 1# - Titulo e menção de responsabilidade
Título próprio Nasce a terra
Primeira menção de responsabilidade dir. J. Carlos Nobre, Augusto Soveral
Outras menções de responsabilidade coord. Moura Pimenta
210 ## - Publicação
Local de publicação Lisboa
Nome do editor Editores Reunidos
Data de publicação 1995
215 ## - Descrição física 
Paginação / Volumes 28 p.
Outras indicações físicas il.
225 2# - Colecção 
Título próprio da colecção Era uma vez o homem
Indicação de volume 1
606 ## - Nome comum usado como assunto
ID Autoridade 3236
Palavra de ordem Publicações para crianças e jovens
675 ## - CDU
Notação 087.5:51/59
Edição BN
Língua por
700 ## - Autor principal (pessoa individual)
Apelido Nobre
Nome J. Carlos
ID Autoridade 5708
701 ## - Co-autor principal (pessoa individual)
Apelido Soveral
Nome Augusto
ID Autoridade 5709
702 ## - Autor secundário (pessoa individual)
Apelido Pimenta
Nome Moura
ID Autoridade 5710
801 #0 - Fonte de origem
País PT
Agência BEN2VN
Regras de catalogação RPC
830 ## - Notas gerais do catalogador
Criado por Tânia Croca
Data de criação 29/09/2025
990 ## - Elementos KOHA
Tipo de documento Livro
Exemplares
Situação do levantamento Biblioteca de origem Código de barras Cota Numeração (volume ou parte) Permissão de empréstimo Tipo de documento Forma de aquisição
  Biblioteca Escola Nº2 Vendas Novas 100000000410 VT UNI/NAS 1   Livro  

Powered by Koha